000 00277nam a2200121Ia 4500
100 _aLeventhal/Lance A
942 _cBK
654 _aZ80
245 _aZ80 Assembly language programming
260 _bMcGraw Hill
_aCalifornia
_c1986
082 _a1.642
_bLEV
546 _aENGLISH
999 _c32618
_d32618